Rozsypanka literowa - rzeki w Polsce - Statystyki

Ogólne statystyki
  • Ten quiz został rozwiązany 20 razy
  • Średni wynik to 7 z 10
Statystyki odpowiedzi
Rozsypanka Rzeka % Poprawnych
brbó Bóbr
100%
ugb Bug
100%
cęwrad Drwęca
100%
njduaec Dunajec
100%
cudeajn Dunajec
100%
wdga Gwda
100%
nłya Łyna
100%
ayłn Łyna
100%
enwra Narew
100%
naid Nida
100%
ćteon Noteć
100%
rabo Obra
100%
oadr Odra
100%
rdao Odra
100%
prdaop Poprad
100%
poadrp Poprad
100%
nsa San
100%
piaułs Słupia
100%
słuaip Słupia
100%
rtaaw Warta
100%
watar Warta
100%
daw Wda
100%
słiaw Wisła
100%
wiłas Wisła
100%
karw Wkra
100%
dian Nida
75%
nużcakłżyyas Nysa Łużycka
67%
asip Pisa
67%
norspa Prosna
67%
awrda Drawa
60%
sayyżłkacżnu Nysa Łużycka
60%
czawkaa Kaczawa
50%
kodzkłasyna Nysa Kłodzka
50%
apałske Pasłęka
50%
liicap Pilica
50%
ager Rega
50%
wradec Drwęca
33%
kesłapa Pasłęka
33%
rycazeiw Wierzyca
33%
roczy Orzyc
25%
premszaze Przemsza
17%
brazeib Biebrza
0%
zrbua Bzura
0%
siakw Kwisa
0%
wakis Kwisa
0%
rwane Narew
0%
brao Obra
0%
ryocz Orzyc
0%
progwęaa Węgorapa
0%
gwaaproę Węgorapa
0%
Nie znaleziono quizów pasujących do podanych kryteriów
Rozkład punktacji
Procent ludzi z każdym wynikiem
Percentyl według liczby udzielonych odpowiedzi
Twoja historia wyników
Nie rozwiązałeś tego quizu